| 000 | 01186 a2200313 4500 | ||
|---|---|---|---|
| 003 | OSt | ||
| 005 | 20180116192402.0 | ||
| 008 | 120703t xxu||||| |||| 00| 0 eng d | ||
| 010 | _a 2010283068 | ||
| 020 | _a9780714845838 | ||
| 020 | _a0714845833 | ||
| 035 | _a(OCoLC)ocn172979954 | ||
| 040 | _c0 | ||
| 082 | 0 | 4 | _a791.430233092 |
| 100 | 1 |
_aBerthomeÌ, Jean-Pierre. _95418 |
|
| 245 | 1 | 0 |
_aOrson Welles at work / _cJean-Pierre BerthomeÌ & François Thomas ; [translated by Imogen Forster, Roger Leverdier and Trista Selous]. |
| 250 | _aEnglish ed. | ||
| 260 |
_aLondon ; _aNew York : _bPhaidon Press, _cc2008. |
||
| 300 |
_a320 p. : _bill. (some col.) ; _c29 cm. |
||
| 500 | _a"First published in French, 2006"--T.p. verso. | ||
| 600 | 1 | 0 |
_aWelles, Orson, _d1915-1985 _xCriticism and interpretation. _95419 |
| 650 | 1 | 0 |
_aMotion picture producers and directors _zUnited States. _95420 |
| 700 | 1 |
_aThomas, François, _d1959- _95421 |
|
| 700 | 1 |
_aForster, Imogen. _95422 |
|
| 700 | 1 |
_aLeverdier, Roger. _95423 |
|
| 700 | 1 |
_aSelous, Trista, _d1957- _95424 |
|
| 942 |
_aSADA _cBK _k791.430233092 BER 2008 _2ddc |
||
| 999 |
_c353349 _d353349 |
||